| 000 | 01655cam a2200277 4500 | ||
|---|---|---|---|
| 001 | ##L133746 | ||
| 008 | 060607n2006 000 0 eng u | ||
| 035 | _a(Sirsi) u133746 | ||
| 041 | 0 | _aeng | |
| 050 | 0 | 4 | _a333.337094212 $2 18 |
| 100 | 1 | _aLizieri, Colin | |
| 245 | 0 | 0 |
_aWho owns the City 2006 _boffice ownership in the City of London |
| 250 | _a3rd ed. | ||
| 260 |
_aReading _bUniversity of Reading _c2006 |
||
| 300 | _a31p. | ||
| 505 | 2 | _aKey findings -- Introduction -- Defining ownership -- The City and the market: context -- Long-run change: evidence from the Reading database -- Ownership and occupation: evidence from the London office database -- Conclusions and implications | |
| 520 | _aInvestigates changes in the City of London property market between 2001 and 2005. Shows that 45% of space - some three million square metres - is owned by non-UK investors. Highlights the increasing fragmentation of ownership, with many buildings owned jointly or by collective investment vehicles and funds. The ownership patterns are an indicator of the strengths and attractions of the City market, but also create risks - of greater volatility and vulnerability to external shocks. Tables and graphs. | ||
| 590 | _aIKA200606 NTK | ||
| 651 | 4 | _aCITY OF LONDON | |
| 690 | _aPROPERTY-COMMERCIAL PROPERTY-COMMERCIAL PROPERTY MARKET | ||
| 700 | 1 | _aKutsch, Nina | |
| 710 | 2 |
_aUniversity of Reading Business School _bDepartment of Real Estate and Planning _94944 |
|
| 710 | 2 |
_aDevelopment Securities _94305 |
|
| 856 | 4 | 0 |
_uhttps://www.reading.ac.uk/rep/researchreports.html _zView the item free of charge at www.reading.ac.uk... |
| 942 | _n0 | ||
| 999 |
_c105467 _d105467 |
||